logo

Bir Sreshtho Munshi Abdur Rouf Library
Jhenaidah Cadet College

A regional geography for advanced and scholarship courses / (Record no. 9963)

MARC details
000 -LEADER
fixed length control field 01037cam a2200301 4500
001 - CONTROL NUMBER
JCCL Control Number 9963
003 - CONTROL NUMBER IDENTIFIER
JCCL marc code BD-JhCC
005 - DATE AND TIME OF LATEST TRANSACTION
control field 20180403195208.0
008 - FIXED-LENGTH DATA ELEMENTS--GENERAL INFORMATION
fixed length control field 180403r19681930enkabd 001 0 eng
035 ## - SYSTEM CONTROL NUMBER
system control number (BD-JhCC)9963
040 ## - CATALOGING SOURCE
Original cataloging agency DLC
Transcribing agency DLC
Modifying agency DLC
-- BD-JhCC
041 ## - LANGUAGE CODE
Language code of Book eng
050 00 - LIBRARY OF CONGRESS CALL NUMBER
Classification number HF1025
Item number .S7382
082 00 - DEWEY DECIMAL CLASSIFICATION NUMBER
Classification number 330.9
Author mark and Year STA 1968
100 1# - MAIN ENTRY--PERSONAL NAME
Personal name Stamp, L. Dudley
Fuller form of name (Laurence Dudley),
Dates associated with a name 1898-1966.
240 10 - UNIFORM TITLE
Uniform title Regional geography for higher certificate and intermediate courses
245 12 - TITLE STATEMENT
Title A regional geography for advanced and scholarship courses /
Statement of responsibility, etc by Sir Dudley Stamp.
260 ## - PUBLICATION, DISTRIBUTION, ETC. (IMPRINT)
Place of publication, distribution, etc London,
Name of publisher, distributor, etc Longmans,
Date of publication, distribution, etc 1968.
300 ## - PHYSICAL DESCRIPTION
Pagination 119 p. :
Other physical details illus., charts, maps.
Dimensions 23 cm.
350 ## - PRICE (NR) (BK AM CF MU VM SE) [OBSOLETE]
Price 22/6 (v. 1)
440 #4 -
Title The University geographical series
500 ## - GENERAL NOTE
General note First ed. published in 1930-34 under title: A regional geography for higher certificate and intermediate courses.
505 1# - FORMATTED CONTENTS NOTE
Formatted contents note pt. 1. The Americas.
650 #0 - SUBJECT ADDED ENTRY--TOPICAL TERM
Topical term or geographic name as entry element Commercial geography.
650 #0 - SUBJECT ADDED ENTRY--TOPICAL TERM
Topical term or geographic name as entry element Commercial products.
942 ## - ADDED ENTRY ELEMENTS (KOHA)
Source of classification or shelving scheme Dewey Decimal Classification
Koha item type Reference
Holdings
Source of classification or shelving scheme Damaged status Not for loan Home library Current library Shelving location Date of accession Total Checkouts Full call number Barcode Date last seen Copy number Koha item type
Dewey Decimal Classification     JCC Rouf Library JCC Rouf Library General Stacks 04/03/2018   330.9 STA 1968 13046 04/03/2018 C-1 Reference

JCC Library | Contacts | JCC Home

Last Update on 23 September 2017
Copyright @ 2017-2020 JCC Rouf Library
Rouf Library, Jhenidah Cadet College (JCC), Bangladesh